[Event "Titled Tue 2nd May Early"]
[Site "chess.com INT"]
[Date "2023.05.02"]
[Round "6"]
[White "Nguyen Ngoc Truong Son"]
[Black "Postny, E."]
[Result "1-0"]
[WhiteElo "2645"]
[BlackElo "2549"]
[PlyCount "131"]
[EventDate "2023.05.02"]

1. b3 d5 2. Bb2 Nf6 3. e3 c5 4. Nf3 Nc6 5. Bb5 Bd7 6. Bxc6 Bxc6 7. Ne5 Rc8 8. O-O ({RR} 8. a4 g6 9. O-O Bg7 10. Nxc6 Rxc6 11. d3 O-O 12. Nd2 Re8 13. f4 Nd7 14. Bxg7 Kxg7 15. Qf3 Rd6 16. e4 dxe4 17. Nxe4 Rc6 18. Rae1 Nf6 19. f5 Qd4+ 20. Kh1 Rd8 21. Ng3 Qd5 22. Rxe7 Qxf3 {Topalov,A (2233)-Mesquita,E (2014) chess.com INT 2025 ½-½ (53)}) 8... g6 $146 ({RR} 8... e6 9. d3 Be7 10. Nd2 O-O 11. Nxc6 Rxc6 12. Nf3 Nd7 13. Ne5 Nxe5 14. Bxe5 Bf6 {½-½ (14) Krnic,Z (2470)-Martinovic,S (2475) Borovo 1981}) ({RR} 8... e6 9. c4 Be7 10. Nxc6 Rxc6 11. cxd5 Qxd5 12. d4 O-O 13. Nc3 Qf5 14. Ne2 Rd8 15. Ng3 Qd5 16. Rc1 h5 17. Qf3 h4 18. Qxd5 Rxd5 19. Ne2 Ra6 20. a4 Rb6 21. Nf4 Rd8 22. Ba3 Ne4 23. Bxc5 {Suarez Garcia,C (2445)-Gustafsson,J (2645) chess24.com INT 2019 1-0 (44)}) 9. d4 cxd4 10. Bxd4 Bg7 11. Nd2 O-O 12. c4 b6 13. Nxc6 Rxc6 14. Rc1 Qc8 15. Bxf6 Bxf6 16. cxd5 Rxc1 17. Qxc1 Qxc1 18. Rxc1 Rd8 19. e4 e6 20. Rc6 Be7 21. Rc7 Bb4 22. Nf1 exd5 23. exd5 Rxd5 24. Rxa7 Rd1 25. Ra8+ Kg7 26. Re8 Bc5 27. Re2 f5 28. g3 Kf6 29. Kg2 Ra1 30. Nd2 g5 31. Nc4 g4 32. Ne5 Rd1 33. Nc4 h5 34. h3 Rc1 35. hxg4 hxg4 36. Nb2 Rb1 37. Nd3 Bd4 38. Nf4 Rd1 39. Re6+ Kf7 40. Rd6 Rd2 41. Ne2 Rxe2 42. Rxd4 Rxa2 43. Rd7+ Ke6 44. Rb7 Ra6 45. b4 Ke5 46. b5 Ra1 47. Rxb6 Rb1 48. Rb8 Kf6 49. b6 Kg7 50. b7 Kh7 51. Rf8 Rxb7 52. Rxf5 Kg6 53. Rc5 Rb3 54. Kf1 Rb2 55. Rd5 Kf6 56. Ke1 Kg6 57. Rd2 Rb3 58. Ke2 Kf5 59. Rd3 Rb1 60. Rd5+ Kf6 61. Ke3 Rb2 62. Rd2 Rb4 63. Rd4 Rb3+ 64. Kf4 Rb2 65. Kxg4 Re2 66. Rf4+ 1-0

[Event "Titled Tue 9th May Early"]
[Site "chess.com INT"]
[Date "2023.05.09"]
[Round "5"]
[White "Carlsen, M."]
[Black "Mitrabha, G."]
[Result "1-0"]
[WhiteElo "2853"]
[BlackElo "2507"]
[PlyCount "136"]
[EventDate "2023.05.09"]

1. d3 Nf6 2. g3 d5 3. Nf3 c6 4. Bg2 Bg4 5. h3 Bh5 6. Nbd2 Nbd7 7. g4 Bg6 8. Nh4 e5 ({RR} 8... e6 9. e3 Bd6 10. Qe2 Qc7 11. O-O O-O-O 12. f4 h6 13. Nxg6 fxg6 14. Nf3 e5 15. Nh4 exf4 16. exf4 Rhe8 17. Qf2 Bc5 18. d4 Bb6 19. b4 Ne4 20. Bxe4 Rxe4 21. c3 Rde8 22. Nxg6 c5 23. bxc5 {Morozevich,A (2755)-Kramnik,V (2785) Moscow 2007 0-1 (38)}) 9. e3 Bd6 ({RR} 9... Be7 10. Qe2 Qc7 11. a3 O-O-O 12. b4 Kb8 13. O-O e4 14. Bb2 Bd6 15. Rfd1 Bh2+ 16. Kf1 Rhe8 17. Nxg6 fxg6 18. dxe4 dxe4 19. g5 Nh5 20. Nxe4 Be5 21. Bxe5 Qxe5 22. Kg1 h6 23. b5 cxb5 24. Nd6 {Duda,J (2733)-Tabatabaei,M (2712) Almaty KAZ 2024 1-0 (43)}) 10. Qe2 a5 $146 ({RR} 10... Qe7 11. a3 O-O-O 12. b4 Nb6 13. Nb3 e4 14. Bb2 exd3 15. cxd3 Bxb4+ 16. axb4 Qxb4+ 17. Qd2 Qxb3 18. Nxg6 hxg6 19. O-O Ne4 20. Qe2 Nc3 21. Bxc3 Qxc3 22. Rfc1 Qf6 23. Rxa7 Kc7 24. Qa2 Ra8 25. Rb1 {Noritsyn,N (2381)-Sapozhnikov,R (2177) Guelph 2009 0-1 (42)}) 11. a3 Qe7 12. b3 O-O 13. Bb2 Rfe8 14. Nxg6 hxg6 15. g5 Nh7 16. h4 b5 17. h5 Nxg5 18. hxg6 fxg6 19. Nf3 Nxf3+ 20. Bxf3 e4 21. dxe4 dxe4 22. Bg2 Be5 23. O-O-O Bxb2+ 24. Kxb2 a4 25. b4 Ne5 26. Rd4 Nc4+ 27. Rxc4 bxc4 28. Qxc4+ Qe6 29. Qxe6+ Rxe6 30. Bf1 Ree8 31. Bc4+ Kf8 32. Rh4 g5 33. Rh5 Rad8 34. Rxg5 Rd6 35. Kc3 Rf6 36. Rg2 Rd8 37. Rg4 Rxf2 38. Rxe4 Re8 39. Rh4 Rxe3+ 40. Bd3 Ke7 41. Rg4 Kf7 42. Kd4 Ref3 43. Kc5 Rf6 44. Kb6 R2f4 45. Rg5 Rd4 46. Ra5 Rd7 47. Rxa4 g5 48. Ra5 c5+ 49. Kxc5 g4 50. Kc4 Rf4+ 51. Kb3 Kf6 52. Ra6+ Kg5 53. Rg6+ Kh5 54. Rg8 Rd5 55. b5 Kh4 56. a4 g3 57. b6 Rdd4 58. a5 Rb4+ 59. Kc3 Kh3 60. Rh8+ Kg2 61. a6 Rxb6 62. a7 Ra4 63. a8=Q+ Rxa8 64. Be4+ Kf2 65. Bxa8 g2 66. Rf8+ Kg1 67. Rg8 Kf2 68. Rxg2+ Ke3 1-0

[Event "Titled Tue 9th May Late"]
[Site "chess.com INT"]
[Date "2023.05.09"]
[Round "5"]
[White "Sargsyan, Shant"]
[Black "Wieczorek, O."]
[Result "1-0"]
[WhiteElo "2630"]
[BlackElo "2512"]
[PlyCount "95"]
[EventDate "2023.05.09"]

1. g3 Nf6 2. Bg2 d5 3. Nf3 g6 4. O-O Bg7 5. d3 O-O 6. Nbd2 Nc6 7. c3 a5 8. a4 e5 9. e4 Re8 10. Re1 ({RR} 10. exd5 Nxd5 11. Re1 h6 12. Nc4 Bf5 13. Nh4 Be6 14. Nf3 Bf5 15. Nh4 Be6 16. Qc2 Qd7 17. Nf3 Bf5 18. Nh4 Bg4 19. Qb3 Be6 20. Nf3 Nb6 21. Qb5 Nxc4 22. dxc4 f5 23. Be3 e4 24. Rad1 Qe7 {Amin,B (2699)-Narayanan,S (2611) chess24.com INT 2020 0-1 (45)}) 10... h6 11. Qc2 b6 $146 ({RR} 11... Be6 12. Nf1 Qd7 13. Bd2 Rad8 14. b4 dxe4 15. dxe4 Bc4 16. b5 Nb8 17. Qc1 Kh7 18. h3 Bd3 19. N3h2 Qe6 20. c4 b6 21. Ra3 Bf8 22. Rc3 Rd4 23. Nf3 Bxf1 24. Rxf1 Rdd8 25. Re3 Bb4 26. Bxb4 {Galego,L (2528)-Fernandez Garcia,J (2474) Andorra 2006 1-0 (69)}) ({RR} 11... Be6 12. exd5 Bxd5 13. Ne4 Nxe4 14. dxe4 Bc4 15. Rd1 Qc8 16. b3 Be6 17. Be3 g5 18. Nd2 Ne7 19. b4 Ng6 20. Nb3 b6 21. bxa5 bxa5 22. Nc5 Bc4 23. Bf1 Bxf1 24. Rxf1 Bf8 25. Nd3 Qe6 26. Rfb1 {Oro,F (2423)-Shirov,A (2650) chess.com INT 2025 ½-½ (98)}) 12. Nf1 d4 13. Rd1 Ba6 14. h3 Qd6 15. N1h2 Qc5 16. c4 Nb4 17. Qe2 Rad8 18. b3 Bc8 19. Ne1 Nd7 20. Nc2 Nxc2 21. Qxc2 Bf8 22. Ba3 Qc6 23. Bxf8 Rxf8 24. Qd2 Kg7 25. Ng4 h5 26. Qh6+ Kg8 27. Nh2 Qf6 28. Nf3 Qg7 29. Qd2 Nc5 30. Rab1 Na6 31. Qg5 f6 32. Qd2 Qe7 33. Nh4 Kg7 34. Rf1 Qb4 35. Qe2 Nc5 36. f4 Qc3 37. Rbd1 Qxb3 38. f5 g5 39. Ng6 Rh8 40. Bf3 Qxa4 41. Bxh5 Bd7 42. h4 gxh4 43. Qg4 Rxh5 44. Qxh5 Rg8 45. Qxh4 Qc2 46. Qg4 Kf7 47. Rf2 Be8 48. Rxc2 1-0

[Event "Titled Tue 9th May Late"]
[Site "chess.com INT"]
[Date "2023.05.09"]
[Round "6"]
[White "Pranav, V."]
[Black "Holt, C."]
[Result "1-0"]
[WhiteElo "2597"]
[BlackElo "2540"]
[PlyCount "95"]
[EventDate "2023.05.09"]

1. e4 e6 2. d3 d5 3. Nd2 Bd6 4. Ngf3 c5 5. g3 Nc6 6. Bg2 Nge7 7. O-O O-O 8. Re1 Qc7 9. Qe2 f6 10. c3 Bd7 11. Nf1 d4 12. cxd4 cxd4 ({RR} 12... Nxd4 13. Nxd4 cxd4 14. Bd2 Rac8 15. h4 Qb6 16. Bc1 e5 17. h5 Qa6 18. Rd1 Ba4 19. Re1 Bc2 20. Bh3 Bxd3 21. Qg4 f5 22. Qh4 Bxe4 23. Rxe4 fxe4 24. Bxc8 Rxc8 25. Bg5 Re8 26. Bxe7 Rxe7 27. Qxe4 {Pranav,V (2597)-Holt,C (2540) chess.com INT 2023 0-1 (72)}) 13. Bd2 Qb6 $146 ({RR} 13... e5 14. Rac1 Be6 15. b3 Rfc8 16. Nh4 Qd7 17. f4 Ba3 18. Rc2 Rc7 19. Bc1 Bb4 20. Nd2 Rac8 21. Nc4 b5 22. Nb2 Bxe1 23. Qxe1 a5 24. Bd2 Nb4 25. Rxc7 Qxc7 26. fxe5 fxe5 27. Bxb4 axb4 28. Qxb4 {Winkels,M (1945)-Ramirez Madrid,G (1970) chess.com INT 2024 0-1}) 14. Reb1 a5 15. Be1 Qa6 16. N1d2 b5 17. a4 bxa4 18. Nc4 Bb4 19. e5 Qb5 20. exf6 gxf6 21. Na3 Qb8 22. Nc2 e5 23. Rxa4 Qb5 24. Raa1 Bf5 25. Rd1 Bxe1 26. Ncxe1 Rab8 27. Nh4 Be6 28. Rdc1 f5 29. Bxc6 Nxc6 30. Nef3 Bd5 31. Ng5 Qxb2 32. Qh5 Rb7 33. Qh6 Qb6 34. Ngf3 Nb4 35. Qxb6 Rxb6 36. Nxe5 Re6 37. f4 Ra6 38. Rc5 a4 39. Rb5 Nc2 40. Rc1 Bb3 41. Nd7 Rf7 42. Nc5 Rc6 43. Nxb3 axb3 44. Rxb3 Rfc7 45. Nxf5 Kf8 46. Rb8+ Kf7 47. Kf2 Ke6 48. Nh4 1-0

[Event "AimChess Rapid Play-In"]
[Site "chess.com INT"]
[Date "2023.06.12"]
[Round "4.71"]
[White "Vazquez, Guillermo"]
[Black "Rozum, I."]
[Result "1-0"]
[WhiteElo "2575"]
[BlackElo "2511"]
[PlyCount "59"]
[EventDate "2023.06.12"]
[EventType "rapid"]

1. b3 Nf6 2. Bb2 e6 3. Nf3 Be7 4. g4 Nxg4 5. Rg1 Bf6 ({RR} 5... h5 6. h3 Bf6 7. d4 Nh6 8. e4 g6 9. Nc3 d5 10. Qe2 c6 11. O-O-O Na6 12. Kb1 Nc7 13. Ne5 Bd7 14. f4 Qe7 15. Bg2 O-O-O 16. a4 Rhe8 17. Rd3 Qf8 18. Rgd1 Bg7 19. Bh1 Kb8 20. Ka2 {Theodorou,N (2611)-Lamaze,S (2448) chess.com INT 2025 1-0 (67)}) 6. d4 Nh6 7. e4 g6 $146 ({RR} 7... d5 8. Nc3 dxe4 9. Nxe4 b6 10. Bb5+ Bd7 11. Bd3 Nc6 12. Qd2 Nf5 13. O-O-O Nce7 14. Nxf6+ gxf6 15. d5 e5 16. Nxe5 fxe5 17. Bxe5 f6 18. Bxf6 Rf8 19. Qg5 h6 20. Qh5+ Rf7 21. Bxf5 Bxf5 22. Rde1 {Van Foreest,J (2697)-Sidletskyi,I (2354) Dusseldorf GER 2023 1-0}) 8. Qd2 Bg7 9. Nc3 d6 10. O-O-O O-O 11. h4 Nc6 12. h5 e5 13. hxg6 fxg6 14. Be2 exd4 15. Nd5 Ne5 16. Qxd4 Bg4 17. Nxe5 Bxe2 18. Qd2 Bxd1 19. Nxg6 Bg4 20. Nge7+ Kf7 21. Bxg7 Kxg7 22. Qg5+ Kf7 23. Qxh6 Qd7 24. f3 Bxf3 25. Rg7+ Ke8 26. Nf5 Bxe4 27. Nxc7+ Qxc7 28. Rxc7 Bxf5 29. Qxd6 Rf7 30. Qe5+ 1-0

[Event "Titled Tue 6th Jun Early"]
[Site "chess.com INT"]
[Date "2023.06.06"]
[Round "4"]
[White "Sanal, V."]
[Black "Korobov, A."]
[Result "1-0"]
[WhiteElo "2577"]
[BlackElo "2661"]
[PlyCount "81"]
[EventDate "2023.06.06"]

1. b3 d5 2. Bb2 c5 3. e3 Nc6 4. Nf3 e6 5. Bb5 Bd7 6. O-O Nf6 7. d3 Be7 8. Nbd2 O-O 9. a4 $146 ({RR} 9. Bxc6 Bxc6 10. Ne5 Nd7 11. Ndf3 Rc8 12. Qe2 Nxe5 13. Nxe5 Be8 14. Qg4 f5 15. Qe2 Bf6 16. c4 Qe7 17. f4 Bf7 18. h3 Rfd8 19. Kh2 Rc7 20. Rf2 Be8 21. Rg1 dxc4 22. bxc4 Bxe5 23. Bxe5 Rcd7 {Nimzowitsch,A-Wolf,H Karlovy Vary 1923 1-0 (55)}) ({RR} 9. Bxc6 Bxc6 10. Ne5 Qc7 11. f4 Nd7 12. Qg4 Nf6 13. Qh3 Ne8 14. Ndf3 Nd6 15. Ng5 h6 16. Nxe6 fxe6 17. Qxe6+ Nf7 18. Ng4 Qd6 19. Nxh6+ gxh6 20. Qg4+ Ng5 21. fxg5 Qg6 22. h4 hxg5 23. h5 Qh6 {Narayanan,S (2618)-Horvath,D (2446) Chess.com INT 2020 1-0 (55)}) ({RR} 9. e4 a6 10. Bxc6 Bxc6 11. Ne5 Rc8 12. Qe2 Nd7 13. Ndf3 Bd6 14. Rae1 Nxe5 15. Nxe5 Bxe5 16. Bxe5 f6 17. Bb2 e5 18. f4 exf4 19. Rxf4 dxe4 20. dxe4 Re8 21. Qg4 Qd7 22. Qg3 Re6 23. Rxf6 Rxe4 {Rey Martinez,J (2302)-King,A (2263) chess.com INT 2025 1-0 (59)}) 9... a6 10. Bxc6 Bxc6 11. Ne5 Be8 12. a5 Nd7 13. f4 f6 14. Nxd7 Qxd7 15. Qe2 Rc8 16. Kh1 Bg6 17. h3 Rfd8 18. Nf3 Qb5 19. Nh4 Bf7 20. f5 e5 21. Qg4 c4 22. Ng6 Bf8 23. Nxf8 Kxf8 24. Ba3+ Kg8 25. Be7 h5 26. Qg3 Qc6 27. Bxd8 Rxd8 28. d4 Re8 29. Rab1 c3 30. b4 Qc4 31. Qf2 exd4 32. exd4 Re2 33. Qf4 Rxc2 34. Rbe1 Rd2 35. Qb8+ Kh7 36. Qxb7 Bg8 37. Qe7 Rxd4 38. Qe8 Rh4 39. Qg6+ Kh8 40. Kg1 d4 41. Re7 1-0

[Event "TCh-CHN DivA Regular"]
[Site "Fuling CHN"]
[Date "2023.06.16"]
[Round "10.2"]
[White "Xiu Deshun"]
[Black "Liu Qingnan"]
[Result "1-0"]
[WhiteElo "2507"]
[BlackElo "2532"]
[PlyCount "131"]
[EventDate "2023.06.05"]
[WhiteTeam "Beijing"]
[BlackTeam "Shandong"]

1. d4 d5 2. c4 c6 3. Nf3 Nf6 4. e3 e6 5. b3 Nbd7 6. Bd3 Bd6 7. Bb2 b6 8. O-O Bb7 9. Nbd2 Qe7 ({RR} 9... O-O 10. Qe2 Qe7 11. Rad1 Rad8 12. Ne5 c5 13. cxd5 exd5 14. f4 cxd4 15. exd4 Bb4 16. f5 Rc8 17. Ndf3 Rfe8 18. Kh1 {½-½ (18) Ding,L (2799)-Lu,S (2616) Hangzhou 2021}) ({RR} 9... O-O 10. Qe2 c5 11. e4 dxe4 12. Nxe4 Nxe4 13. Bxe4 Bxe4 14. Qxe4 Nf6 15. Qe2 Qe7 ({RR} 15... cxd4 16. Bxd4 Be7 17. Rad1 Qc7 18. Be5 Qb7 19. Rd3 Rad8 20. Rfd1 h6 21. h3 Rxd3 22. Rxd3 Rd8 23. Qd1 Rxd3 24. Qxd3 Nd7 25. Bb2 Nc5 26. Qe2 Qe4 27. Qxe4 Nxe4) 16. Rad1 Rfd8 17. Rfe1 Re8 18. Qc2 cxd4 19. Nxd4 Rac8 20. Nf5 {1-0 (20) Belmonte,D (2310)-De Oliveira,J (1948) Florianopolis SC 2025}) 10. e4 dxe4 11. Nxe4 Nxe4 $146 ({RR} 11... Bc7 12. c5 Nxe4 13. Bxe4 Rd8 14. Qc2 Nf6 15. cxb6 Bxb6 16. Bxc6+ Bxc6 17. Qxc6+ Qd7 18. Rac1 Qxc6 19. Rxc6 Nd5 20. Ba3 Ne7 21. Bxe7 Kxe7 22. Rfc1 Bxd4 23. Rc7+ Kf6 24. Nxd4 Rxd4 25. Rxa7 Rhd8 26. g3 {Garcia Romero,B (2205)-Vintonyak,Y (1646) Lisabon 2022 1-0 (54)}) 12. Bxe4 Nf6 13. Bc2 Ba3 14. Bc3 Bb4 15. Bb2 Ba3 16. Bc3 Bb4 17. Qd2 a5 18. a3 Bxc3 19. Qxc3 O-O 20. b4 b5 21. c5 Nd5 22. Qd3 g6 23. Qd2 Rfd8 24. Bb3 Qc7 25. g3 a4 26. Ba2 Bc8 27. Rfe1 Kg7 28. Re5 f6 29. Re4 Qf7 30. Rae1 Ra7 31. Qc1 Re7 32. R4e2 Nc7 33. Qb2 Qe8 34. h4 h5 35. Bb1 Rd5 36. Be4 Rd8 37. Bb1 Rd5 38. Nd2 Qf8 39. Be4 Rd8 40. Bxc6 Bd7 41. Bg2 Be8 42. d5 Nxd5 43. Rxe6 Rxe6 44. Rxe6 Qf7 45. Re2 Ne7 46. Ne4 Nf5 47. Rd2 Qe7 48. Kh2 Bc6 49. Rxd8 Qxd8 50. Nxf6 Bxg2 51. Ne4+ Qd4 52. Qxd4+ Nxd4 53. Kxg2 Kf7 54. Nc3 Ke6 55. f3 Kd7 56. g4 Kc6 57. Kg3 Nc2 58. Nb1 Kd5 59. Kf4 Nd4 60. gxh5 gxh5 61. Kg5 Nxf3+ 62. Kxh5 Ne5 63. Kg5 Nf3+ 64. Kg4 Nd4 65. h5 Ke5 66. Nc3 1-0

[Event "Olympic Esports Final GpB"]
[Site "Singapore SGP"]
[Date "2023.06.23"]
[Round "3.2"]
[White "Amin, B."]
[Black "Sarana, A."]
[Result "1-0"]
[WhiteElo "2690"]
[BlackElo "2685"]
[PlyCount "93"]
[EventDate "2023.06.23"]

1. e4 c5 2. Nf3 d6 3. g3 Nc6 4. Bg2 e5 5. O-O ({RR} 5. c3 g5 6. h3 h6 7. d4 exd4 8. cxd4 Bg7 9. dxc5 dxc5 10. Qxd8+ Kxd8 11. Nc3 Nge7 12. Be3 Bxc3+ 13. bxc3 b6 14. O-O-O+ Kc7 15. h4 g4 16. Bf4+ Kb7 17. Ne5 Be6 18. h5 Nxe5 19. Bxe5 Nc6 {Rakhmanov,A (2593)-Dobrov,V (2496) Guarenas 2012 1-0 (40)}) 5... Nf6 6. Re1 g6 $146 ({RR} 6... Be7 7. c3 O-O 8. h3 Qc7 9. d4 cxd4 10. cxd4 Nb4 11. Nc3 exd4 12. Nxd4 a6 13. Bf4 Nc6 14. Rc1 Ne5 15. Nd5 Qd8 16. Nxe7+ Qxe7 17. Nf5 Bxf5 18. exf5 Rac8 19. Qd4 Rxc1 20. Rxc1 b5 21. Rd1 {Vicas,M (1947)-Norkunas,D (1769) Plunge 2012 1-0}) ({RR} 6... Be7 7. c3 Bg4 8. h3 Bh5 9. g4 Bg6 10. Nh4 Nxg4 11. Nxg6 Nxf2 12. Kxf2 hxg6 13. Kg1 Bh4 14. Rf1 Qe7 15. Qf3 f6 16. Na3 O-O-O 17. Nc2 Kb8 18. d3 Rh5 19. Be3 Rdh8 20. d4 Bg5 21. dxc5 {Bognar,C (2101)-Gosh,C (2025) chess.com INT 2024 1-0 (37)}) 7. c3 Bg7 8. d4 O-O 9. d5 Ne7 10. a4 b6 11. Na3 h6 12. b4 Ne8 13. bxc5 bxc5 14. Rb1 f5 15. exf5 gxf5 16. Nh4 e4 17. c4 Nf6 18. f3 Bd7 19. Nb5 Be8 20. Bf4 Bxb5 21. axb5 a6 22. b6 Rb8 23. b7 Qd7 24. Bh3 Rxb7 25. Rxb7 Qxb7 26. Bxd6 Re8 27. Nxf5 Nxf5 28. Bxf5 exf3 29. Be6+ Kh8 30. Qxf3 Qb4 31. Rc1 Qd2 32. Bf4 Qb2 33. Rf1 Qd4+ 34. Kg2 a5 35. Be3 Qxc4 36. Bxh6 Qc2+ 37. Rf2 Qg6 38. Be3 a4 39. Bxc5 Qh6 40. Bd4 Rf8 41. Bc5 Re8 42. Qf4 Qxf4 43. Rxf4 Ra8 44. Ba3 Ne8 45. Rh4+ Bh6 46. Rxh6+ Kg7 47. Rh4 1-0

[Event "Titled Tue 20th Jun Early"]
[Site "chess.com INT"]
[Date "2023.06.20"]
[Round "10"]
[White "Bharath, Subramaniyam H"]
[Black "Tristan, L."]
[Result "1-0"]
[WhiteElo "2502"]
[BlackElo "2526"]
[PlyCount "91"]
[EventDate "2023.06.20"]

1. b3 d5 2. Bb2 Bf5 3. d3 e6 4. Nd2 Nf6 5. g3 h6 6. Bg2 Bh7 7. e4 c6 8. Qe2 Be7 9. Ngf3 O-O 10. O-O a5 11. a3 Nbd7 12. Rad1 $146 ({RR} 12. e5 Ne8 13. Nd4 Qb6 14. f4 a4 15. Kh1 c5 16. N4f3 axb3 17. Nxb3 Ra4 18. Rfb1 Qa6 19. Re1 Nc7 20. c4 dxc4 21. dxc4 Nb6 22. Nfd2 Rd8 23. Be4 Bxe4+ 24. Qxe4 Nc8 25. Qe3 Qc6+ 26. Qe4 Qa6 {Yordanov,L (2290)-Rutesic,V (2157) Novi Sad 2018 ½-½}) 12... Qb6 13. Kh1 Qa6 14. e5 Ne8 15. Ne1 Nc7 16. f4 a4 17. b4 c5 18. bxc5 Nxc5 19. g4 Qb5 20. Rb1 Qa5 21. f5 Nb5 22. f6 Bd8 23. Qe3 Nd7 24. c4 Bb6 25. Qe2 Nc3 26. Bxc3 Qxc3 27. cxd5 Ba5 28. dxe6 Nxe5 29. e7 Rfe8 30. Ne4 Qxa3 31. Rxb7 Bxe1 32. Qxe1 Nxd3 33. Qg3 Ra5 34. fxg7 Kxg7 35. Nf6 Rxe7 36. Nh5+ Kh8 37. Rb8+ Bg8 38. Nf6 Rg5 39. h4 Rg7 40. g5 Qc3 41. Be4 Qe5 42. Qxe5 Nxe5 43. gxh6 Rg3 44. h7 Re6 45. hxg8=Q+ Rxg8 46. Rxg8# 1-0

[Event "Titled Tue 4th Jul Early"]
[Site "chess.com INT"]
[Date "2023.07.04"]
[Round "10"]
[White "Aravindh, Chithambaram VR."]
[Black "Rustemov, A."]
[Result "1-0"]
[WhiteElo "2645"]
[BlackElo "2525"]
[PlyCount "73"]
[EventDate "2023.07.04"]

1. b3 d5 2. Bb2 Nf6 3. Nf3 Bf5 4. g3 e6 5. Bg2 h6 6. O-O Be7 7. c4 O-O 8. d3 a5 9. Nc3 c6 10. Re1 Bh7 11. e4 dxc4 $146 ({RR} 11... Na6 12. cxd5 cxd5 13. exd5 exd5 14. Ne5 Rc8 15. Rc1 Nb4 16. a3 Nc6 17. Qf3 Nd4 18. Qd1 Nc6 19. Qf3 Nd4 20. Qd1 Nc6 {½-½ (20) Ajay Santhosh Parvathareddy (2170)-Samant,A (2512) Hua Hin THA 2024}) 12. bxc4 c5 13. e5 Nfd7 14. Ne4 Nc6 15. Rb1 Qc7 16. Bc3 Rfd8 17. Qc1 Rab8 18. Qf4 Nb4 19. Bf1 Nxa2 20. Bb2 Nb4 21. Nd6 Rf8 22. Rbd1 b6 23. d4 cxd4 24. Nxd4 Nc2 25. N4b5 Qc5 26. Re2 a4 27. Ne4 Qxc4 28. Nf6+ Nxf6 29. Qxc4 Rfc8 30. exf6 Rxc4 31. fxe7 Rcc8 32. Red2 Re8 33. Nc7 f6 34. Rd8 Kf7 35. Nxe8 Rb7 36. Nd6+ Kxe7 37. Nxb7 1-0

[Event "Titled Tue 4th Jul Late"]
[Site "chess.com INT"]
[Date "2023.07.04"]
[Round "10"]
[White "Henriquez Villagra, C."]
[Black "Nihal, Sarin"]
[Result "1-0"]
[WhiteElo "2618"]
[BlackElo "2688"]
[PlyCount "53"]
[EventDate "2023.07.04"]

1. g3 d5 2. Bg2 e5 3. d3 Nf6 4. Nf3 Nc6 5. O-O h6 6. Nbd2 Bc5 7. c4 ({RR} 7. e4 dxe4 8. dxe4 O-O 9. c3 a5 10. Qe2 b6 11. Rd1 Ba6 12. Qe1 Qe7 13. Nb3 Bd6 14. Nh4 Rfd8 15. Nf5 Qf8 16. Nxd6 Rxd6 17. Be3 Rad8 18. h3 a4 19. Nd2 Bd3 20. Kh2 Qe8 21. b3 Na5 {Frank,A (2297)-Seo,J (2520) chess.com INT 2022 0-1 (53)}) ({RR} 7. e3 Bg4 8. h3 Bxf3 9. Nxf3 e4 10. dxe4 Nxe4 11. Nd2 Nf6 12. c3 Bd6 13. b4 Ne5 14. Nb3 b6 15. Nd4 g6 16. Bb2 c5 17. bxc5 bxc5 18. Ne2 c4 19. Nf4 Bc7 20. Nxd5 Nxd5 21. Qxd5 Qxd5 {Kponsou,A (1453)-Fatime Ali Moustapha Budapest HUN 2024 1-0 (39)}) 7... dxc4 $146 ({RR} 7... Be6 8. Nb3 Bd6 9. cxd5 Bxd5 10. Bd2 O-O 11. Rc1 Ne7 12. a3 Ng6 13. Nc5 Bxc5 14. Rxc5 Re8 15. Qc2 Rc8 16. Bh3 Be6 17. Bxe6 Rxe6 18. Rc1 c6 19. Rc4 Rb8 20. Be3 a6 21. Nh4 Nxh4 22. Rxh4 {Craciun,B (1594)-Mihailescu,A (1340) Calimanesti 2015 1-0 (60)}) 8. Nxc4 Qe7 9. b4 Bxb4 10. Rb1 Bd6 11. d4 exd4 12. Nxd4 Nxd4 13. Qxd4 Bc5 14. Qe5 c6 15. Qxe7+ Kxe7 16. Na5 Bb6 17. Ba3+ Ke6 18. Bh3+ Ke5 19. Nc4+ Ke4 20. Nd6+ Ke5 21. Nxf7+ Kd4 22. Rfd1+ Kc3 23. Rdc1+ Kd4 24. Rb4+ Kd5 25. Rd1+ Kc5 26. Rb3+ Kc4 27. Nd6# 1-0

[Event "56th Biel GM Rapid 2023"]
[Site "Biel SUI"]
[Date "2023.07.16"]
[Round "2.1"]
[White "Amin, B."]
[Black "Le, Quang Liem"]
[Result "1-0"]
[WhiteElo "2694"]
[BlackElo "2728"]
[PlyCount "93"]
[EventDate "2023.07.16"]
[EventType "rapid"]

1. e4 c5 2. Nf3 d6 3. g3 Nf6 4. c3 Nc6 5. d3 g6 6. Bg2 Bg7 7. O-O O-O 8. Re1 e5 9. a3 b5 10. h3 Re8 11. Be3 a5 12. a4 b4 13. Nbd2 Rb8 14. Rc1 h6 15. Nc4 $146 ({RR} 15. d4 bxc3 16. bxc3 exd4 17. cxd4 Nb4 18. Nc4 Nxe4 19. dxc5 Na2 20. Nxd6 Nxd6 21. Rc2 Bf5 22. Rxa2 Nc4 23. Qxd8 Rbxd8 24. c6 Rc8 25. Nd2 Ne5 26. g4 Nd3 27. Rb1 Be6 28. Rc2 Nb4 29. Rc5 Ba2 {Amin,B (2686)-Giri,A (2764) Chess.com INT 2020 1-0 (53)}) 15... Be6 16. Nfd2 Qd7 17. Kh2 Bf8 18. Rf1 d5 19. exd5 Bxd5 20. Ne4 Nxe4 21. dxe4 Be6 22. Qxd7 Bxd7 23. Rfd1 Be6 24. Bf1 Kg7 25. Rd2 bxc3 26. bxc3 Nd4 27. Rdd1 Nf3+ 28. Kg2 Ng5 29. Bxg5 hxg5 30. Nxa5 c4 31. Bxc4 Ba3 32. Rc2 Ra8 33. Bxe6 Rxe6 34. Rd5 Rea6 35. Nc4 Be7 36. a5 Bd8 37. Ra2 f6 38. Rd7+ Kf8 39. Rb2 R6a7 40. Rxa7 Rxa7 41. Rb5 Ke7 42. Nb6 Ke6 43. Rc5 Be7 44. Rc6+ Kf7 45. Nc8 Rxa5 46. Rc7 Rc5 47. Nd6+ 1-0

[Event "Bullet Chess Winners 2023"]
[Site "chess.com INT"]
[Date "2023.07.17"]
[Round "1.1"]
[White "Naroditsky, D."]
[Black "Paravyan, D."]
[Result "1-0"]
[WhiteElo "2619"]
[BlackElo "2612"]
[PlyCount "71"]
[EventDate "2023.07.17"]
[EventType "k.o."]

1. b3 Nf6 2. Bb2 c5 3. Nf3 Nc6 4. e3 g6 5. Bb5 Bg7 6. O-O O-O 7. d3 ({RR} 7. d4 cxd4 8. exd4 d5 9. Nbd2 Bf5 10. Bxc6 bxc6 11. Ne5 Qc7 12. Qe2 c5 13. dxc5 Qxc5 14. c4 Ng4 15. Rfe1 dxc4 16. Ndxc4 Nxe5 17. Bxe5 Bxe5 18. Qxe5 Qxe5 19. Rxe5 Be6 20. Ne3 a5 21. Nd5 Ra7 {Paikidze,N (2294)-Krush,I (2378) Saint Louis USA 2025 0-1}) 7... d5 8. Bxc6 bxc6 9. Nbd2 $146 ({RR} 9. c4 Ba6 10. Ne5 Qb6 11. Nc3 Qc7 12. f4 Nd7 13. Nxd7 Qxd7 14. Na4 Bxb2 15. Nxb2 Rfe8 16. f5 Qd6 17. fxg6 hxg6 18. Qf3 f6 19. Qf4 Kg7 20. Rad1 e5 21. Qg4 Bc8 22. Qg3 Rh8 23. e4 Rh5 {Boyajyan,D (1368)-Michailov,A (1730) Klaipeda 2014 ½-½ (41)}) 9... Qc7 10. Qe2 Re8 11. e4 e5 12. Rfe1 Nh5 13. exd5 Nf4 14. Qe3 Nxd5 15. Qxc5 Bf8 16. Qc4 f6 17. d4 Be6 18. dxe5 f5 19. Nd4 Qd7 20. Nxe6 Qxe6 21. Nf3 a5 22. Nd4 Qd7 23. e6 Qd6 24. Rad1 Qb4 25. Nxc6 Qxc4 26. bxc4 Nb4 27. Nxb4 axb4 28. Bf6 Rxa2 29. Rd8 Rxd8 30. Bxd8 Rxc2 31. e7 Bxe7 32. Bxe7 b3 33. Ba3 Ra2 34. Bc1 Ra1 35. Kf1 Rb1 36. Ba3 1-0

[Event "Bullet Chess Winners 2023"]
[Site "chess.com INT"]
[Date "2023.07.17"]
[Round "1.11"]
[White "Le Tuan Minh"]
[Black "Erigaisi, Arjun"]
[Result "1-0"]
[WhiteElo "2557"]
[BlackElo "2710"]
[PlyCount "165"]
[EventDate "2023.07.17"]
[EventType "k.o."]

1. b3 e6 2. Bb2 c5 3. Nf3 Nf6 4. e3 d5 5. Be2 Bd6 6. O-O O-O 7. d4 Nbd7 8. Nbd2 b6 9. c4 Bb7 10. Rc1 Rc8 11. dxc5 $146 ({RR} 11. Rc2 cxd4 12. Nxd4 Nc5 13. Qa1 Bb8 14. N4f3 Qe7 15. Rfc1 dxc4 16. Rxc4 Bd5 17. R4c2 Rcd8 18. Be5 Bxe5 19. Nxe5 Nfe4 20. Bf3 Nxd2 21. Rxd2 Bxf3 22. Rxd8 Rxd8 23. Nxf3 h6 24. h3 Nd3 25. Rd1 Nb4 {Sharan,R (1912)-Aaryan,V (2269) Majitar 2019 0-1 (70)}) 11... bxc5 12. Qc2 Qe7 13. Rfd1 h6 14. h3 Ne4 15. Nxe4 dxe4 16. Nd2 f5 17. Nf1 Bb8 18. Qc3 Ne5 19. Rd2 Qg5 20. Rcd1 Rf6 21. Ng3 Rf7 22. Bh5 Rff8 23. Qa5 f4 24. exf4 Qxf4 25. Qc3 Qg5 26. Bg4 Nxg4 27. hxg4 e3 28. Rd7 Be5 29. Qd3 exf2+ 30. Kf1 Bxb2 31. Rxb7 Bd4 32. Nh5 Qxg4 33. Qe2 Qxe2+ 34. Kxe2 Rf5 35. Ng3 Rg5 36. Nf1 Rf8 37. Kd3 Rxg2 38. b4 Rf3+ 39. Kc2 Rc3+ 40. Kd2 Rxc4 41. Ke2 Rxb4 42. Rxb4 cxb4 43. Rxd4 Rg5 44. Rd8+ Kh7 45. Rb8 Ra5 46. Kxf2 Rxa2+ 47. Kf3 a5 48. Ne3 Ra3 49. Rb7 Rc3 50. Ke4 Rc5 51. Ng4 Rg5 52. Nf6+ Kg6 53. Nd7 Rf5 54. Ne5+ Kh5 55. Nf3 Rg5 56. Nd4 Rg4+ 57. Ke5 Rg5+ 58. Kd6 Rg6 59. Nxe6 b3 60. Ke5 Rf6 61. Nf4+ Kg5 62. Nd5 Rf5+ 63. Ke4 g6 64. Rxb3 Rf4+ 65. Nxf4 Kg4 66. Rb5 h5 67. Ne6 g5 68. Rb1 Kh3 69. Rg1 h4 70. Nxg5+ Kh2 71. Nf3+ Kh3 72. Rg5 a4 73. Rh5 a3 74. Rxh4+ Kg2 75. Rh5 Kf1 76. Ra5 Ke2 77. Rxa3 Kd1 78. Ra2 Kc1 79. Rd2 Kb1 80. Kd3 Ka1 81. Kc3 Kb1 82. Kb3 Ka1 83. Rd1# 1-0